00424nam a2200157Ia 450000500170000000800410001702000150005808200170007324500770009025000090016726000400017630000130021665000170022965000120024665000080025820240530045650.0240331s9999 xx 000 0 und d a9555920001 bROLa341.481 4aThe role of thelaw enforcement officer in the protection of human rights a1 st aColombobSri Lanka Fountationc1986 a223 p ., aHuman Rights aSociety aLaw